AGUIDE TO THE PROJECT MANAGEMENT BODY OF KNOWLEDGE (Record no. 7743)
[ view plain ]
| 000 -LEADER | |
|---|---|
| fixed length control field | 00586nam a22002057a 4500 |
| 003 - CONTROL NUMBER IDENTIFIER | |
| control field | OSt |
| 005 - DATE AND TIME OF LATEST TRANSACTION | |
| control field | 20220225121118.0 |
| 008 - FIXED-LENGTH DATA ELEMENTS--GENERAL INFORMATION | |
| fixed length control field | 220225b ||||| |||| 00| 0 eng d |
| 020 ## - INTERNATIONAL STANDARD BOOK NUMBER | |
| International Standard Book Number | 9781935589679 |
| 040 ## - CATALOGING SOURCE | |
| Transcribing agency | DDC |
| 082 ## - DEWEY DECIMAL CLASSIFICATION NUMBER | |
| Classification number | 658.404 PRO,2013 |
| 100 ## - MAIN ENTRY--PERSONAL NAME | |
| Personal name | PMBOK GUIDE |
| 9 (RLIN) | 15798 |
| 245 ## - TITLE STATEMENT | |
| Title | AGUIDE TO THE PROJECT MANAGEMENT BODY OF KNOWLEDGE |
| 250 ## - EDITION STATEMENT | |
| Edition statement | 5TH ED |
| 260 ## - PUBLICATION, DISTRIBUTION, ETC. (IMPRINT) | |
| Place of publication, distribution, etc. | CANADA |
| Name of publisher, distributor, etc. | PROJECT MANAGENT INSTITUTE |
| Date of publication, distribution, etc. | 2013 |
| 300 ## - PHYSICAL DESCRIPTION | |
| Extent | 589P. |
| Other physical details | ILL; |
| Dimensions | 27CM |
| 504 ## - BIBLIOGRAPHY, ETC. NOTE | |
| Bibliography, etc | INCLUDES BILIOGRAPHIC REFERENCES AND INDEX |
| 650 ## - SUBJECT ADDED ENTRY--TOPICAL TERM | |
| Topical term or geographic name as entry element | PROJECT MANAGENT INSTITUTE |
| 9 (RLIN) | 15799 |
| 942 ## - ADDED ENTRY ELEMENTS (KOHA) | |
| Source of classification or shelving scheme | Dewey Decimal Classification |
| Koha item type | Book |
| Withdrawn status | Lost status | Source of classification or shelving scheme | Damaged status | Not for loan | Home library | Current library | Date acquired | Source of acquisition | Inventory number | Total Checkouts | Full call number | Barcode | Date last seen | Price effective from | Koha item type | Copy number |
|---|---|---|---|---|---|---|---|---|---|---|---|---|---|---|---|---|
| Dewey Decimal Classification | Faculty of Management Science Library | Faculty of Management Science Library | 25/02/2022 | Purchase | 15/4843 | 658.404 PRO,2013 | 2022-0298 | 25/02/2022 | 25/02/2022 | Book | ||||||
| Dewey Decimal Classification | Faculty of Management Science Library | Faculty of Management Science Library | 25/02/2022 | Purchase | 15/4846 | 658.404 PRO,2013 | 2022-0299 | 25/02/2022 | 25/02/2022 | Book | ||||||
| Dewey Decimal Classification | Faculty of Management Science Library | Faculty of Management Science Library | 25/02/2022 | Purchase | 15/4844 | 658.404 PRO,2013 | 2022-0300 | 25/02/2022 | 25/02/2022 | Book | ||||||
| Dewey Decimal Classification | Faculty of Management Science Library | Faculty of Management Science Library | 25/02/2022 | Purchase | 15/4845 | 658.404 PRO,2013 | 2022-0301 | 25/02/2022 | 25/02/2022 | Book | ||||||
| Other/Generic Classification Scheme | MUST Main Library | MUST Main Library | 28/08/2025 | Donation | 658.404 PRO,2013 | 2025-0021 | 28/08/2025 | 28/08/2025 | Book | 5 |
